|
|
|
|
| LEADER |
01136nam a2200301 a 4500 |
| 001 |
41639 |
| 003 |
BD-DhAAL |
| 005 |
20230813101121.0 |
| 008 |
230813r20232015ii a b 001 0 eng d |
| 010 |
|
|
|a 94036398
|
| 020 |
|
|
|a 9789332549425
|
| 040 |
|
|
|a DLC
|c DLC
|d DLC
|d BD-DhAAL
|
| 050 |
0 |
0 |
|a QA248
|b .K487 1995
|
| 082 |
0 |
0 |
|a 511.3
|2 20
|
| 100 |
1 |
|
|a Klir, George J.,
|d 1932-
|9 55319
|
| 245 |
1 |
0 |
|a Fuzzy sets and fuzzy logic :
|b theory and applications /
|c George J. Klir and Bo Yuan.
|
| 260 |
|
|
|a India :
|b Pearson,
|c c2015 [twelfth impression 2023].
|
| 300 |
|
|
|a xv, 574 pages :
|b illustrattions ;
|c 25 cm.
|
| 504 |
|
|
|a Includes bibliographical references (pages 494-547) and index.
|
| 526 |
|
|
|a MNS
|
| 541 |
|
|
|a Book Finder International
|e 41639
|
| 650 |
|
0 |
|a Fuzzy sets.
|9 55320
|
| 650 |
|
0 |
|a Fuzzy logic.
|9 55321
|
| 700 |
1 |
|
|a Yuan, Bo.
|9 55322
|
| 852 |
|
|
|a Ayesha Abed Library
|c General Stacks
|
| 942 |
|
|
|2 ddc
|c BK
|
| 999 |
|
|
|c 44436
|d 44436
|
| 952 |
|
|
|0 0
|1 0
|2 ddc
|4 0
|6 511_300000000000000_KLI
|7 0
|9 74166
|a BRACUL
|b BRACUL
|c GEN
|d 2023-08-03
|e Book Finder International
|g 1075.77
|l 0
|o 511.3 KLI
|p 3010041639
|r 2023-08-03
|t 1
|v 1075.77
|w 2023-08-03
|y BK
|